000 00774nam a2200229 a 4500
001 56466
003 BD-RjUL
005 20211209080411.0
008 161129s1967 bg ||||| |||| 00| 0 ben d
020 _c: TK 3.00
035 _a(BD-RjUL)56590
040 _aBD-RjUL
_bben
_cBD-RjUL
041 _aben
082 _223
_a891.443
_bBAB 1967
100 _aবড়ুয়া, অনিল
_9167337
245 1 0 _aবাঙলার মেয়ে /
_cঅনিল বড়ুয়া
260 _aঢাকা :
_bআনোয়ারুল হক,
_c১৯৬৭ [১৩৭৪]
300 _a১৪২ পৃ. ;
_c২১ সেমি .
650 _aবাংলা উপন্যাস
_9167950
650 _aBengali Fictions
_9167951
942 _2ddc
_cBK
999 _c56466
_d56466